Revista de cultura Brasileña/ (Record no. 4026)

MARC details
000 -LEADER
campo de control de longitud fija 01265nam a22003377a 4500
003 - IDENTIFICADOR DE NÚMERO DE CONTROL
campo de control OSt
005 - FECHA Y HORA DE LA ÚLTIMA TRANSACCIÓN
campo de control 20230712101314.0
008 - DATOS DE LONGITUD FIJA--INFORMACIÓN GENERAL
campo de control de longitud fija 221006b |||||||| |||| 00| 0 eng d
040 ## - FUENTE DE CATALOGACIÓN
Centro/agencia transcriptor Biblioteca Lado V
082 ## - NÚMERO DE LA CLASIFICACIÓN DECIMAL DEWEY
Número de clasificación 306.4
Número de ítem M453r
100 ## - ENTRADA PRINCIPAL--NOMBRE DE PERSONA
9 (RLIN) 885
Nombre de persona Maura, Antonio
Término indicativo de función/relación editor
245 ## - MENCIÓN DEL TÍTULO
Título Revista de cultura Brasileña/
Resto del título Imágenes de Brasil/
260 ## - PUBLICACIÓN, DISTRIBUCIÓN, ETC.
Fecha de publicación, distribución, etc. 2006
Nombre del editor, distribuidor, etc. Embajada de Brasil en Madrid
Lugar de publicación, distribución, etc. Madrid
300 ## - DESCRIPCIÓN FÍSICA
Dimensiones 17x23cm
Extensión 196p.
490 ## - MENCIÓN DE SERIE
Designación de volumen o secuencia 2006
Mención de serie 4
505 ## - NOTA DE CONTENIDO CON FORMATO
Nota de contenido con formato Presentacion
505 ## - NOTA DE CONTENIDO CON FORMATO
Nota de contenido con formato El caleidoscopio brasileño
505 ## - NOTA DE CONTENIDO CON FORMATO
Nota de contenido con formato Sobre la ¨America Portuguesa¨
505 ## - NOTA DE CONTENIDO CON FORMATO
Nota de contenido con formato Imágenes e imaginario del Brasil colonial
505 ## - NOTA DE CONTENIDO CON FORMATO
Nota de contenido con formato La poesía española de Murilo Mendes
505 ## - NOTA DE CONTENIDO CON FORMATO
Nota de contenido con formato Dinámicas y líneas de fuerza en el interior del sistema literario brasileño durante el siglo XX
505 ## - NOTA DE CONTENIDO CON FORMATO
Nota de contenido con formato Del Semba al Samba
505 ## - NOTA DE CONTENIDO CON FORMATO
Nota de contenido con formato Bossa Nova
505 ## - NOTA DE CONTENIDO CON FORMATO
Nota de contenido con formato Una poética en la arquitectura brasileña
505 ## - NOTA DE CONTENIDO CON FORMATO
Nota de contenido con formato Las aporias del liberalismo periférico
505 ## - NOTA DE CONTENIDO CON FORMATO
Nota de contenido con formato El panorama político actual en brasil
650 ## - PUNTO DE ACCESO ADICIONAL DE MATERIA--TÉRMINO DE MATERIA
Fuente del encabezamiento o término Tesauro de Arte & Arquitectura
Término de materia o nombre geográfico como elemento de entrada ARTE
650 ## - PUNTO DE ACCESO ADICIONAL DE MATERIA--TÉRMINO DE MATERIA
Fuente del encabezamiento o término Tesauro de Arte & Arquitectura
Término de materia o nombre geográfico como elemento de entrada CULTURA
651 ## - PUNTO DE ACCESO ADICIONAL DE MATERIA--NOMBRE GEOGRÁFICO
Fuente del encabezamiento o término Tesauro de Arte & Arquitectura
Nombre geográfico VISION DE BRASIL
942 ## - ELEMENTOS DE ENTRADA SECUNDARIOS (KOHA)
Fuente del sistema de clasificación o colocación Clasificación Decimal Dewey
Tipo de ítem Koha Libros
Parte de la signatura que corresponde a la clasificación (Parte de la clasificación) 306.4
Parte de la signatura que identifica el ejemplar (Parte del ítem) M453r
Suprimir en OPAC No
Holdings
Estatus retirado Estado de pérdida Fuente del sistema de clasificación o colocación Especificación de materiales (volumen encuadernado u otra parte) Estado de daño No para préstamo Colección Biblioteca de origen Biblioteca actual Fecha de adquisición Enumeración/cronología de publicación seriada Número de inventario Total de préstamos Signatura topográfica completa Código de barras Visto por última vez Precio de reemplazo Tipo de ítem Koha
    Clasificación Decimal Dewey 2006     Revistas Biblioteca LadoV Biblioteca LadoV 12/07/2023 4 003511   306.4 M453r 003511 12/07/2023 12/07/2023 Libros